00445nam a2200169Ia 4500003000400000008004100004040001600045082002000061100001600081245007000097260004000167300001000207650000900217650001300226650001400239650002200253GCL140319s9999 xx 000 0 eng d aGCL / cGCL04a796.334668bW D1 aWATSON, DON10aDANCING IN THE STREETS: TALES FROM WORLD CUP CITY / cWATSON, DON a[S.N] : bVICTOR GALLANCZ ، c1994 a250 P04aARTS04aFOOTBALL04aWORLD CUP04aDANCING ON STREET